The stoneham catalogue of stamps 1840 - 1980
| Format: | Book |
|---|---|
| Published: |
Hampshire :
Stoneham Publications Ltd. ,
1980
|
| Subjects: |
MARC
| LEADER | 00000cam a2200000 7i4500 | ||
|---|---|---|---|
| 001 | 0000000441 | ||
| 002 | 000000519 | ||
| 005 | 20080908.0 | ||
| 020 | |a 0906400023 | ||
| 090 | 0 | 0 | |a 769.56941 |b STO |
| 245 | 0 | 4 | |a The stoneham catalogue of stamps 1840 - 1980 |
| 260 | |a Hampshire : |b Stoneham Publications Ltd. , |c 1980 | ||
| 300 | |a 206p. : |b ill ; |c 21cm. | ||
| 650 | 0 | 0 | |a Postage stamps |z Great Britain |
| 650 | 0 | 0 | |a Stamp collecting |
| 999 | |a 0003741 |b BUKU |c PINJAMAN |e PERPUSTAKAAN KOMUNITI PETALING JAYA | ||